000 01065nam a2200289 a 4500
008
020 _a0905705513 (cased)
049 _aMAIN
090 _aTJ223.P76
100 1 _aVolpe, F. P.
_q(Francesco P.)
245 1 0 _aPICs in practice /
_cby F.P. Volpe and S. Volpe.
260 _aDorchester, England :
_bElektor Electronics (Publishing),
_c1996.
300 _a251 p. :
_bill. ;
_c24 cm.
504 _aIncludes bibliographical references: p. 250-251.
520 _aAccompanying software includes: Parallax's assembler (PASM) and simulator (PSIM) programs and software for the sample applications found in the text.
650 0 _aProgrammable controllers.
650 0 _aMicrocomputers
_xCircuits.
650 0 _aIntegrated circuits
_xDesign and construction.
650 0 _aMicroelectronics.
700 1 _aVolpe, S.
_q(Safinaz)
710 2 _aMicrochip Technology, Inc.
907 _a.b10121341
_b10-05-04
_c10-05-04
003
005 20230123133713.0
040 _cNUST
942 _cBOOKS
_kTJ223.P76
999 _c153171
_d153171